Kiến Tạo Trình diễn trong PowerPoint

Αποθηκεύτηκε σε:
Λεπτομέρειες βιβλιογραφικής εγγραφής
Κύριος συγγραφέας: Vn-Guide
Μορφή: Βιβλίο
Γλώσσα:Vietnamese
Έκδοση: TKE 2005
Ετικέτες: Προσθήκη ετικέτας
Δεν υπάρχουν, Καταχωρήστε ετικέτα πρώτοι!
Thư viện lưu trữ: Mạng thư viện Đại học Đà Nẵng
LEADER 00620nam a2200277 4500
001 000026621
003 687
005 20150325120000.0
008 150325s vm 000 vie
020 |c 20,0000 
040 |a NOTTS 
100 |a Vn-Guide 
245 |a Kiến Tạo Trình diễn trong PowerPoint 
260 |b TKE  |c 2005 
300 |a 177tr. ; 
OWN |a LTT 
999 |a From the UDN01 
TYP |a Monograph 
TYP |a Printed language 
980 |a Mạng thư viện Đại học Đà Nẵng